000 01261nam0a22002891 4500
001 rc\3381882
005 20250609185808.0
021 _aRU
_b70-ОЭ-1722/6
021 _aRU
_bРг6220-70
035 _a(NLR Aleph) 007453017
090 _a7236266
_c7236266
100 _a20130115d1970 |||y0rusy50 ca
101 0 _arus
102 _aRU
105 _ay z |||||
200 1 _aМатериал в помощь лектору на тему "Архивные документы - источниковедческая база изучения истории и экономики Читинской области"
_fЧитин. обл. организация о-ва "Знание"
210 _aЧита
_cБ. и.
_d1970
215 _a30 л.
_d30
309 _aОтпеч. множит. аппаратом
333 _aНа правах рукописи
532 1 3 _aМатериал в помощь лектору на тему Архивные документы - источниковедческая база изучения истории и экономики Читинской области
700 1 _aАйкина
_bА.П.
801 0 _aRU
_bNLR
_gpsbo
801 1 _aRU
_bELAR
_2rusmarc
852 _aNLR
_j69-8/2652
942 _cBOOK
980 _aNB